¿Eran dos?... ¡Pues ya son tres! (Record no. 171312)
[ view plain ]
| 000 -LEADER | |
|---|---|
| campo de control de longitud fija | 00883nam a22001935i 4500 |
| 001 - NÚMERO DE CONTROL | |
| campo de control | 171312 |
| 003 - IDENTIFICADOR DE NÚMERO DE CONTROL | |
| campo de control | ES-MaACL |
| 005 - FECHA Y HORA DE LA ÚLTIMA TRANSACCIÓN | |
| campo de control | 20250616063045.0 |
| 008 - DATOS DE LONGITUD FIJA--INFORMACIÓN GENERAL | |
| campo de control de longitud fija | 090508s1867 sp |||| | spa d |
| 100 0# - ENTRADA PRINCIPAL--NOMBRE DE PERSONA | |
| Nombre de persona | Frontaura, Carlos, |
| Fechas asociadas al nombre | 1834-1910 |
| 9 (RLIN) | 52739 |
| 245 11 - MENCIÓN DEL TÍTULO | |
| Título | ¿Eran dos?... ¡Pues ya son tres! |
| Resto del título | : zarzuela en tres actos y en verso / |
| Mención de responsabilidad, etc. | letra de Carlos Frontaura ; música del maestro Ricci. |
| 260 ## - PUBLICACIÓN, DISTRIBUCIÓN, ETC. | |
| Lugar de publicación, distribución, etc. | Madrid : |
| Nombre del editor, distribuidor, etc. | [Alonso Gullon], |
| Fecha de publicación, distribución, etc. | 1867 ( |
| Fabricante | Imp. de José Rodríguez) |
| 300 ## - DESCRIPCIÓN FÍSICA | |
| Extensión | 70 p. ; |
| Dimensiones | 18 cm. |
| 500 ## - NOTA GENERAL | |
| Nota general | En port.: Estrenada en el teatro del Circo de esta corte en abril de 1867. |
| 500 ## - NOTA GENERAL | |
| Nota general | Solo la letra. |
| 700 1# - ENTRADA AGREGADA--NOMBRE PERSONAL | |
| Nombre de persona | Ricci, Luigi. |
| 9 (RLIN) | 140768 |
| 852 ## - LOCALIZACIÓN | |
| Ubicación | ES-MaACL |
| Número de control de estantería | F-8600(6) |
| Nota libre | .- Enc. pasta española |
| condición física | - Falto de la cub. original |
| Nota libre | - Enc. en un vol. facticio formando parte de la col. facticia "Teatro español moderno", vol. 53 |
| Estatus retirado | Estado de pérdida | Estado de daño | No para préstamo | Colección | Biblioteca de origen | Biblioteca actual | Ubicación en estantería | Fecha de adquisición | Fuente de adquisición | Total de préstamos | Signatura topográfica completa | Código de barras | Visto por última vez | Precio de reemplazo | Tipo de ítem Koha |
|---|---|---|---|---|---|---|---|---|---|---|---|---|---|---|---|
| Libros del s. XIX | Biblioteca del Ateneo de Madrid | Biblioteca del Ateneo de Madrid | Sala Pecera Planta 2 | 08/05/2009 | F-8600(6) | 1179781 | 23/02/2023 | 23/02/2023 | Libro impreso antiguo |
